000 00465nam a2200169Ia 4500
008 151213s9999 xx 000 0 und d
020 _a9.7804719802e+012
100 _aWeygandt , Kieso , Kiimmel
245 _aAccounting Principles
_cWeygandt , Kieso , Kiimmel
250 _a8 th
260 _aNew York
_bJohn Wiley Sons. Lnc
_c2007
300 _a4124 p.
650 _aAccounting
650 _aAccounting
700 _aWeygandt , Kieso , Kiimmel
999 _c2576
_d2576